000 00182 a2200097 4500
041 _aspa
100 _aAnonimo
245 _aManual practico del Bricolaje
942 _cBK
952 _71
999 _c24113
_d24113